[Event "Heraklio op-B 11th"]
[Site "Heraklion"]
[Date "2007.06.16"]
[Round "8"]
[White "Giordos, Vasilios"]
[Black "Mitigas, Spyridon"]
[Result "1/2-1/2"]
[WhiteElo "1580"]
[BlackElo "1240"]
[PlyCount "127"]
[EventDate "2007.06.09"]
[EventType "swiss"]
[EventRounds "9"]
[EventCountry "GRE"]
[SourceTitle "EXT 2008"]
[Source "ChessBase"]
[SourceDate "2007.11.25"]
[SourceVersion "1"]
[SourceVersionDate "2007.11.25"]
[SourceQuality "1"]

1. e4 c6 2. d4 d5 3. Nc3 dxe4 4. Nxe4 Bf5 5. Ng3 Bg6 6. Nf3 Nd7 7. Bc4 Ngf6 8. 0-0 Qc7 9. c3 e6 10. Re1 Be7 11. b4 0-0 12. Nh4 a5 13. Nxg6 hxg6 14. Bd2 axb4 15. cxb4 Nb6 16. Qb3 Nxc4 17. Qxc4 Ra4 18. Qc2 Rfa8 19. b5 Rxd4 20. Be3 Rd7 21. bxc6 Qxc6 22. Qxc6 bxc6 23. Rec1 Rc8 24. a4 Nd5 25. Bd2 Bb4 26. Ne4 Bxd2 27. Nxd2 Nf4 28. Rc2 Rcd8 29. Nf1 Rd1 30. Rca2 Ne2+ 31. Kh1 Nc3 32. Ra3 Rxa1 33. Rxa1 Rd1 34. Rxd1 Nxd1 35. a5 Nc3 36. Nd2 Kf8 37. Kg1 Ke7 38. a6 Nb5 39. f3 Kd7 40. Ne4 Kc7 41. Ng5 Nd6 42. Kf2 Kb6 43. Ke3 Kxa6 44. Kd4 Kb5 45. f4 c5+ 46. Kc3 c4 47. g4 Kc5 48. Nf3 Ne4+ 49. Kc2 f6 50. g5 Kd5 51. h4 e5 52. gxf6 gxf6 53. f5 gxf5 54. h5 Ke6 55. h6 Kf7 56. Nh4 Nf2 57. Nxf5 Kg6 58. Nd6 Kxh6 59. Nxc4 Kg5 60. Kd2 e4 61. Ke3 Nd1+ 62. Kxe4 Kg4 63. Ne5+ Kh5 64. Nf7 1/2-1/2

[Event "GRE-chT"]
[Site "Poros"]
[Date "1998.04.21"]
[Round "3"]
[White "Mitigas, Spyridon"]
[Black "Theodorakopoulos, Georgios"]
[Result "1-0"]
[WhiteElo "2070"]
[BlackElo "2045"]
[PlyCount "83"]
[EventDate "1998.??.??"]
[EventType "team-tourn"]
[EventRounds "9"]
[EventCountry "GRE"]
[SourceTitle "EXT 1999"]
[Source "ChessBase"]
[SourceDate "1998.11.16"]
[SourceVersion "1"]
[SourceVersionDate "1998.11.16"]
[SourceQuality "1"]

1. d4 Nf6 2. c4 g6 3. Nc3 Bg7 4. e4 d6 5. f4 0-0 6. Nf3 c5 7. d5 e6 8. Be2 exd5 9. cxd5 Bg4 10. 0-0 Nbd7 11. Re1 a6 12. h3 Bxf3 13. Bxf3 Ne8 14. Be3 Rc8 15. a4 Rb8 16. a5 Nc7 17. Bf2 b5 18. axb6 Rxb6 19. Re2 Qb8 20. Na4 Rb3 21. e5 dxe5 22. Nxc5 Nxc5 23. Bxc5 Re8 24. Ba3 Qb5 25. Rc1 Rd3 26. Rd2 e4 27. Rxd3 exd3 28. Kh2 Nxd5 29. Rc5 Ne3 30. Rxb5 Nxd1 31. Rb3 Ne3 32. Rxd3 Nc4 33. Rd7 Nxa3 34. bxa3 Bf8 35. a4 Re7 36. Rd6 Ra7 37. Rb6 a5 38. Kg3 Kg7 39. Rb5 Bb4 40. Bb7 Kf6 41. Kf3 Ke6 42. g4 1-0

[Event "GRE-chT"]
[Site "Poros"]
[Date "1998.04.20"]
[Round "1"]
[White "Nikolaidis, Konstantinos"]
[Black "Mitigas, Spyridon"]
[Result "1-0"]
[WhiteElo "2350"]
[BlackElo "2070"]
[PlyCount "72"]
[EventDate "1998.??.??"]
[EventType "team-tourn"]
[EventRounds "9"]
[EventCountry "GRE"]
[SourceTitle "EXT 1999"]
[Source "ChessBase"]
[SourceDate "1998.11.16"]
[SourceVersion "1"]
[SourceVersionDate "1998.11.16"]
[SourceQuality "1"]

1. d4 Nf6 2. c4 g6 3. Nc3 Bg7 4. e4 d6 5. Be2 0-0 6. Nf3 e5 7. 0-0 Nc6 8. d5 Ne7 9. b4 Nh5 10. Re1 Nf4 11. Bf1 a5 12. Ba3 b6 13. bxa5 Rxa5 14. Bb4 Ra8 15. a4 Bg4 16. Re3 Bh6 17. h3 Nxh3+ 18. gxh3 Bxe3 19. fxe3 Bh5 20. Be2 h6 21. Kh2 Bxf3 22. Bxf3 f5 23. Ra2 Kh7 24. Nb5 Ng8 25. Qe1 Rf7 26. a5 Qf6 27. exf5 gxf5 28. Rg2 Rg7 29. axb6 Rxg2+ 30. Bxg2 cxb6 31. Bxd6 Rd8 32. Bc7 Rd7 33. Qc3 Qg5 34. Bxe5 h5 35. Nd4 Ra7 36. Ne6 Qe7 1-0